000 00607nam a2200193 i 4500
001 80616
003 ES-MaACL
005 20230906174244.0
007 t|
008 041028s1926 gw ||||1| ger d
100 1 _aHommel, Fritz.
_964116
245 1 0 _aEthnologie und Geographie des alten Orients /
_cvon Fritz Hommel.
260 _aMünchen :
_b[s.n.,
_c1926] (
_eNördlingen :
_fC.H. Beck'sche)
300 _a1108 p., 2 lám. ;
_c25 cm.
490 1 _aHandbuch der altertumswissenschaft
830 0 _aHandbuch der altertumswissenschaft
_9184398
852 _aES-MaACL
_jF-15199
999 _c80616
_d80616